MDQL
is popping MORE tags! Check the
thread
!
Quizzes
Events
Quiz Creation
Community
Videos
Private Events
Remove Ads
Sign In
Join for FREE
Feedback
Dark Mode
Quiz Categories
Sports
Geography
Music
Movies
Television
Just For Fun
Miscellaneous
History
Literature
Language
Science
Gaming
Entertainment
Religion
Holiday
For Kids
Quiz Lab
Recent
Popular Today
Quiz Kudos Today
Editor Picks
Curator Picks
Quizzes by...
Day
Popularity
Type
Ratings
Length
Year
Community
Subscriptions
Recent Discussions
Orange Saloon
Badges
Playlists
Quests
Create
Leaderboards
Showdown
Live 5
Trivia Bingo
Activity
Puzzle Library
Sporcle Events
Private Events
Virtual Trivia
Globe League
Become a Host
Pub Owners
SporcleCon
Opinionation
Our Games
Videos
Blog
Mobile Apps
Partnerships
Remove Ads and Go Orange
Feedback
Literature
Harry Potter
A Song of Ice and Fire
The Hunger Games
Literary Character
Shakespeare
Book
Author
Novel
Poem
Young Adult
Children's Books
Play
Lord of the Rings
Literature
Harry Potter
A Song of Ice and Fire
The Hunger Games
Literary Character
Shakespeare
Book
Author
Novel
Poem
Young Adult
Children's Books
Play
Lord of the Rings
Random Quiz
Search Sporcle
×
Quiz Lab
Quiz Lab
Literature
Definition
Type in answers that appear in a list
Type in answers that appear in a list
Classic
Best Score? Go Orange.
Harry Potter Spell Quiz Stats
Can you name the Harry Potter spells and what they do?
By
ava1313
5m
21 Questions
131 Plays
131 Plays
131 Plays
Comments
Comments
Give Quiz Kudos
Give Quiz Kudos
-
- Ratings
hide this ad
More Info
Random Order
Randomize order of answers
Randomize order of answers
Replay
Link that replays current quiz
Next Quiz
Link to next quiz in quiz playlist
You Got
0%
They Got
Avg Score
77%
Avg Friend Score
Upgrade to see
Score Distribution
Jump to the score distribution portion of the page
Score
0/21
Timer
05:00
0
Plays Today
Spell Definition
Answer
% Correct
Patronus Charm
expecto patronum
94.6%
Cruciatus Curse
crucio
93.1%
Imperius Curse
imperio
92.3%
Summoning Charm
accio
91.5%
Wand-
Lighting Charm
lumos
91.5%
Disarming Charm
expelliarmus
90%
Killing Curse
avada kedavra
89.2%
Levitation Charm
wingardium leviosa
85.4%
Stunning Spell
stupefy
82.3%
Memory Charm
obliviate
80.8%
Boggart-
Vanishing
riddikulus
78.5%
Spell Definition
Answer
% Correct
Full-
Body-
Bind Curse
petrificus totalus
75.4%
Legilimency Spell
legilimens
72.3%
Mending Charm
reparo
71.5%
Confunding Charm
confundo
67.7%
Wand-
Extinguishing Charm
nox
67.7%
Unlocking Charm
alohamora
66.2%
Gashing/
Extreme Cutting Spell
sectumsempra
65.4%
Silent Charm
silencio
63.1%
Amplifying Charm
sonorus
56.2%
Four-
Point Spell
point me
50.8%
Quiz Playlist
Details
Report
Send in Message
Add To Playlist
More Info:
Do you really know as many spells as you think you do?
Classic:
Type in answers that appear in a list
Random Order:
Randomize order of answers
Last Updated: Nov 19, 2017
Quiz Scoreboard
CHALLENGE
Sign Up to Join the Scoreboard
Show All
Scores
Hide
Comments
May contain spoilers
Recently Published
Street Fighter Characters
by Artimus82
Gaming
60s
9x9 Crossword: Cartoon Network
by jackfrog10
Miscellaneous
3m
College Basketball Coaching Resumes
by pancakes188
Sports
9m
More to Explore
Quiz From the Vault
Featured Blog Post
Where Did the Easter Bunny Come From?
hide this ad
You Might Also Like...
Tags
Definition Quiz
Harry Potter Quiz
hard
Harry
Today's Top Quizzes in Literature
Browse Literature
hide this ad
Today's Top Quizzes in Definition
Browse Definition
Top Contributed Quizzes in Literature
1
Sneaky Slytherin Logic Puzzle
2
Get The Picture: Black or White Literature
3
5-to-1: Plays
4
A Court of Thorns and Roses (ACoTaR) Logic Puzzle
5
One Thing in Common: Literature
6
One Thing in Common: Literature II
7
One Thing in Common: Books
8
One Thing in Common: Literature 3
9
One Thing in Common: Books II
10
Literary Siblings Odd One Out III
Explore More
Trending Topics
NBA
Marvel
Kpop
Harry Potter
Crossword
Anime
Disney
NFL
Country
Soccer
WWE
The Office
Puzzle
Song
Pokémon
hide this ad
More By:
ava1313
Quiz
Plays
Rating
Category
Featured
Created
Harry Potter Spell Quiz
131
4.00
Literature
Nov 18, 2017
Go to Creator's Profile
Score Distribution
Quiz Creator Spotlight
ava1313
Follow
Send a Message
Quizzes Created
-
Created Quiz Play Count
-
More By This Creator
Popular Quizzes Today
1
Find the US States - No Outlines Minefield
2
Find the Countries of Europe - No Outlines Minefield
3
The Countries of the World
4
Find the US States
5
Risky Map Clicking: Biggest States A-Z
6
US States
7
Popular People in 1961
8
Movies - When Are They Set?
More Literature Quizzes
Harry Potter Memory Minefield
Published
Trending Quizzes
Risky Map Clicking: Least Populous States A-Z
Countries of the World: 200 Million BC
Billboard Blitz: Aretha Franklin
1-10 Letter G Words
Famous Russians: Author or Composer?
Recently Updated
Leaping Animals
pecheneg
Reality TV Shows (A-Z)
bhenderson79
Rickey Henderson's Hall of Fame Teammates
pecheneg
Champions League XIs: Arsenal
pecheneg
Quick Pick: Celebrities in WWE's Hall of Fame
aduchscher
A-Z Keypad Blitz II
pecheneg
Multiple Oscar Actors
pecheneg
Mystery Phrase Blitz: Oscar 'Best Actors'
pecheneg
F. Scott Fitzgerald Novels
LTH
Pick 3 Villains
ddd62291
Trending Topics
Marvel
Kpop
Anime
Crossword
NBA
Disney
Harry Potter
Country
Song
Soccer
The Office
Pokémon
NFL
WWE
Puzzle
Your Account Isn't Verified!
In order to create a playlist on Sporcle, you need to verify the email address you used during registration. Go to your
Sporcle Settings
to finish the process.
Report this User
Report this user for behavior that violates our
Community Guidelines
.
Details:
Send Report
Go to the Sporcle.com Mobile Site →
Comments